000 00291nam a22001217a 4500
008 181029b xxu||||| |||| 00| 0 eng d
041 _aeng
080 _a610
100 _a4
101 _aSHM
245 _aThe New Illustrated Medical and Health Encyclopedia
_cFishbein, M
942 _2udc
_cBK
999 _c51057
_d51057